| 000 | 00542nam a2200193 i 4500 | ||
|---|---|---|---|
| 001 | 142274 | ||
| 003 | ES-MaACL | ||
| 007 | t| | ||
| 008 | 071004s1945 ag ||||1| spa d | ||
| 100 | 1 |
_aVijoyananda, Swami. _9114683 |
|
| 245 | 1 | 3 |
_aLa civilización moderna / _cSwami Vijoyananda. |
| 260 |
_aBuenos Aires : _bLosada, _c[1945] |
||
| 300 |
_a163 p. ; _c21 cm. |
||
| 490 | 1 | _aCristal del tiempo | |
| 650 | 1 | 4 |
_aCivilización. _911079 |
| 830 | 0 |
_aCristal del tiempo _9185072 |
|
| 852 |
_aES-MaACL _jB-7812 _bR.29406 |
||
| 999 |
_c142274 _d142274 |
||